Statistics for The 50 Best Pop Songs of 2021 (Ranker.com)

Click here to take the quiz!

General Stats

  • This quiz has been taken 39 times
  • The average score is 5 of 50

Answer Stats

HintAnswer% Correct
2drivers license - Olivia Rodrigo
57%
8Stay - The Kid LAROI, Justin Bieber
49%
4MONTERO (Call Me By Your Name) - Lil Nas X
37%
23Butter - BTS
34%
37Peaches - Justin Bieber, Daniel Caeser, Giveon
34%
1Save Your Tears (Remix) - Ariana Grande, The Weeknd
34%
38Kiss Me More - Doja Cat, SZA
31%
5Easy On Me - Adele
29%
3good 4 you - Olivia Rodrigo
29%
43Bad Habits - Ed Sheeran
26%
11deja vu - Olivia Rodrigo
23%
6Happier Than Ever - Billie Eilish
23%
9Beautiful Mistakes - Maroon 5, Megan Thee Stallion
11%
26Cold Heart (PNAU Remix) - Elton John, Dua Lipa
11%
20THAT'S WHAT I WANT - Lil Nas X
11%
25Lost - Maroon 5
9%
10Need To Know - Doja Cat
9%
48Solar Power - Lorde
9%
17You Right - Doja Cat, The Weeknd
9%
15Run - One Republic
6%
7Smokin Out The Window - Silk Sonic, Bruno Mars
6%
31Without You - The Kid LAROI, Miley Cyrus
6%
45Build A Bitch - Bella Poarch
3%
34Lost Cause - Billie Eilish
3%
24Your Power - Billie Eilish
3%
222Drunk - Nick Jonas
0%
50American Mood - JoJo
0%
39Can I Get It - Adele
0%
13Dancing With The Devil - Demi Lovato
0%
19Don't Go Yet - Camila Cabello
0%
32For Tonight - Giveon
0%
44Good Ones - Charli XCX
0%
47I am not a woman, I'm a god - Halsey
0%
40I Want Love - Jessie J
0%
46Lo Vas A Olvidar - Billie Eilish, ROSALIA
0%
18Met Him Last Night - Demi Lovato, Ariana Grande
0%
42NDA - Billie Eilish
0%
29New Normal - Khalid
0%
30Shapeshifter - Alessia Cara
0%
27Skate - Silk Sonic, Bruno Mars
0%
49Skin - Sabrina Carpenter
0%
36Slow Clap - Gwen Stefani, Saweetie
0%
28Someday - One Republic
0%
14Sweet Dream - Alessia Cara
0%
33Take My Breath - The Weeknd
0%
16This Is Heaven - Nick Jonas
0%
35We're Good - Dua Lipa
0%
21What Other People Say - Sam Fischer, Demi Lovato
0%
41White Dress - Lana Del Ray
0%
12Who's In Your Head - Jonas Brothers
0%

Score Distribution

Percentile by Number Answered

Percent of People with Each Score

Your Score History

You have not taken this quiz